Chile: dos siglos de pintura

Saved in:
Bibliographic Details
Format: Book
Language:Spanish
English
Published: Santiago Kactus 2012
Subjects:
Tags: Add Tag
No Tags, Be the first to tag this record!

MARC

LEADER 00000cam a2200000 a 4500
001 UCF7592
003 CL-VaPUC
008 130627e20120000CL |||||||||||||||||spa|d
020 |a 9789567136803 
041 0 7 |a spa  |2 CL-VaPUC 
041 0 7 |a eng  |2 CL-VaPUC 
082 0 4 |a 759.983  |b NOV  |2 21 
245 1 0 |a Chile: dos siglos de pintura 
246 1 0 |a Chile: two centuries of painting 
300 |a 160 p 
942 |c BK 
945 |d 20130627 00:00:00  |a dcastane 
260 |a Santiago  |b Kactus  |c 2012 
650 0 |a Pintura chilena  |9 266171 
650 0 |a Pintores chilenos  |9 345328 
650 7 |a HISTORIA DE LA PINTURA  |2 CL-VaPUC  |9 500518 
583 |a last modification  |c 20130627 13:18:00  |k Rodrigo Vera 
999 |c 352401  |d 352399